| 000 | 00485nam a2200181Ia 4500 | ||
|---|---|---|---|
| 005 | 20250508162437.0 | ||
| 008 | 008 250505s9999 xx 000 0 hin d | ||
| 037 | _aTextual | ||
| 040 |
_aFEDL _beng _cFEDL |
||
| 041 |
_ahin _2eng |
||
| 084 |
_a294.1, SUR _qFEDL |
||
| 100 | _aSuryakant | ||
| 245 | 0 | _aVaidika devasastra | |
| 260 |
_aNew Delhi, India _bBharat Bharti Pvt. Limited _c1961 |
||
| 300 | _a455p | ||
| 942 |
_cTEXL _h294.1, SUR |
||
| 999 |
_c1376584 _d1376584 |
||